000 02705cjm a2200601 a 4500
001 data
005 20260322212123.0
007 data
008 data
035 _a20538931
906 _a7
_bcbc
_ccopycat
_d2
_encip
_f20
_gy-soundrec
925 0 _aacquire
_b2 shelf copies
_xpolicy default
010 _a 2018622367
024 1 _a791558441222
028 0 2 _a7915584412-2
_bGhostlight Records
033 0 0 _a20060327
_b3804
_cN4
035 _a(OCoLC)70833953
040 _aCPL
_beng
_cCPL
_dDLC
_dLS1
_dOCLCF
_dOCLCQ
_dELW
_dOCLCO
_dOCL
_dOCLCA
_dDLC
042 _alccopycat
050 0 0 _aSDD 00277
082 0 4 _a782.14
_222
100 1 _aLaChiusa, Michael John.
245 1 0 _aBernarda Alba :
_ba musical /
_cby Michael John LaChiusa ; [based on the play The house of Bernarda Alba by Federico García Lorca].
260 _aNew York, NY :
_bGhostlight Records,
_c℗2006.
300 _a1 audio disc :
_bdigital ;
_c4 3/4 in.
336 _aperformed music
_bprm
_2rdacontent
337 _aaudio
_bs
_2rdamedia
338 _aaudio disc
_bsd
_2rdacarrier
500 _aMichael Starobin, orchestrations.
500 _aCompact disc.
500 _aProgram notes by Ira Weitzman, synopsis, and libretto ([28] p. : ports.) inserted in container.
505 0 0 _gFinale.
_tOpen the door --
_tOn the day that I marry ;
_tBernarda's prayer --
_tLove, let me sing you --
_tLet me go to the sea --
_tMagdalena --
_tAngustias --
_tAmelia --
_tMartirio --
_tAdela --
_tI will dream of what I saw --
_tPoncia --
_tLimbrada's daughter --
_tOne Moorish girl ;
_tThe smallest stream --
_tThe mare and the stallion --
_tLullaby --
_tOpen the door --
_gFinale.
511 0 _aPhylicia Rashad, Saundra Santiago, Judith Blazer, Sally Murphy, Daphne Rubin-Vega, Nikki M. James, Yolande Bavan, Candy Buckley, Laura Shoop, and Nancy Ticotin, vocals ; instrumental ensemble ; Deborah Abramson, conductor, synthesizer.
518 _aRecorded Mar. 27, 2006, at Right Track Studio A509, New York.
650 0 _aMusicals.
650 7 _aMusicals.
_2fast
_0(OCoLC)fst01030814
655 7 _aMusicals.
_2fast
_0(OCoLC)fst01726680
655 7 _aMusicals.
_2lcgft
700 1 _aStarobin, Michael.
_4arr
700 1 _aRashad, Phylicia,
_d1948-
_4prf
700 1 _aSantiago, Saundra.
_4prf
700 1 _aBlazer, Judith.
_4prf
700 1 _aMurphy, Sally.
_4prf
700 1 _aRubin-Vega, Daphne.
_4prf
700 1 _aJames, Nikki.
_4prf
700 1 _aBavan, Yolande.
_4prf
700 1 _aBuckley, Candy.
_4prf
700 1 _aShoop, Laura.
_4prf
700 1 _aTicotin, Nancy.
_4prf
700 1 _aAbramson, Deborah.
_4prf
_4prf
700 1 _aGarcía Lorca, Federico,
_d1898-1936.
_tCasa de Bernarda Alba.
999 _c1891
_d1891